Country by Geographical Features Quiz Stats

 Plays Quiz Updated Jan 31, 2019

Support Sporcle.
Go Orange.
Score 0/35 Timer 05:00
6 Plays Today
% Correct
United States
98.2%
Greece
95.3%
Russia
93.9%
Japan
92.4%
France
84.8%
Romania
84.3%
China
79.5%
Germany
76.9%
Mexico
75.2%
Tanzania
69.2%
Ireland
67.5%
Switzerland
65.7%
Norway
59.9%
Brazil
58.4%
Egypt
57.8%
Turkey
57.5%
Spain
57.4%
Italy
56.3%
% Correct
Venezuela
55.1%
Australia
54.6%
India
53.4%
United Kingdom
50.9%
Peru
49.6%
Ukraine
49.5%
Saudi Arabia
48.9%
South Africa
48.2%
Chile
47.8%
Canada
47.8%
Sweden
44%
Argentina
40.3%
New Zealand
34.1%
Denmark
33.7%
Iran
31.2%
Morocco
24.7%
Ethiopia
22.5%

From the Vault

Nine in Time: Actors II

by Doctor_Arzt

Movies 30s
Anything under 30 seconds will count as 'in time', in case you were wondering.
Remove Ads.
Support Sporcle.
Get the best of Sporcle when you Go Orange. This ad-free experience offers more features, more stats, and more fun while also helping to support Sporcle. Thank you for becoming a member.

Show Comments

Extras

Top Quizzes Today


Score Distribution

Your Account Isn't Verified!

In order to create a playlist on Sporcle, you need to verify the email address you used during registration. Go to your Sporcle Settings to finish the process.

Report this User

Report this user for behavior that violates our Community Guidelines.

Details: